[Event "22nd Hogeschool Zeeland Tournament"]
[Site "Vlissingen"]
[Date "2018.08.07"]
[Round "5.1"]
[White "Viani Antonio Dcunha"]
[Black "Mareco, Sandro"]
[Result "1/2-1/2"]
[WhiteElo "2414"]
[BlackElo "2643"]
[PlyCount "57"]
[EventDate "2018.08.04"]
[EventType "swiss"]
[EventRounds "9"]
[EventCountry "NED"]

1. e4 e5 2. Nf3 Nc6 3. d4 exd4 4. Nxd4 Nf6 5. Nc3 Bb4 6. Nxc6 bxc6 7. Bd3 O-O
8. O-O Re8 9. Re1 d6 10. Bg5 h6 11. Bh4 g5 12. Bg3 Bg4 13. f3 Be6 14. Bf2 Nd7
15. Qd2 Qf6 16. Kh1 Ba5 17. a3 Qg7 18. Be3 Rab8 19. b4 Bb6 20. Ne2 Bxe3 21.
Qxe3 c5 22. Ng3 Qd4 23. Qxd4 cxd4 24. b5 Ne5 25. a4 a6 26. Ne2 axb5 27. axb5
Nxd3 28. cxd3 Rxb5 29. Nxd4 1/2-1/2

[Event "22nd Hogeschool Zeeland Tournament"]
[Site "Vlissingen"]
[Date "2018.08.07"]
[Round "5.2"]
[White "Ikonnikov, Vyacheslav"]
[Black "Miciano, John Marvin"]
[Result "0-1"]
[WhiteElo "2546"]
[BlackElo "2381"]
[PlyCount "124"]
[EventDate "2018.08.04"]
[EventType "swiss"]
[EventRounds "9"]
[EventCountry "NED"]

1. d4 g6 2. c4 Bg7 3. e4 d6 4. Nf3 Nf6 5. Nc3 O-O 6. Be2 e5 7. d5 a5 8. h3 Na6
9. Bg5 h6 10. Be3 Nh5 11. Nd2 Nf4 12. Bf1 Nc5 13. Nb3 Nxb3 14. axb3 c5 15. g3
Nh5 16. h4 Nf6 17. Bh3 Bxh3 18. Rxh3 Qd7 19. Rh1 Ng4 20. Na4 Ra6 21. h5 f5 22.
hxg6 f4 23. Rh4 fxe3 24. Qxg4 Qxg4 25. Rxg4 Rxf2 26. Rh4 Ra8 27. O-O-O Bf6 28.
Rhh1 Bg5 29. Rde1 Raf8 30. Nc3 Rg2 31. Ne2 Rff2 32. Kd1 Kg7 33. Rhf1 Kxg6 34.
Rxf2 exf2 35. Rf1 h5 36. Nc3 Rxg3 37. Rxf2 h4 38. Ke2 h3 39. Rh2 Bf4 40. Rh1
Kg5 41. Nb5 Kg4 42. Nxd6 Rg2+ 43. Kd3 h2 44. Nxb7 Rxb2 45. Nxc5 Kf3 46. Kc3 Rg2
47. Ne6 Bd2+ 48. Kd3 Bb4 49. c5 Rd2+ 50. Kc4 Kg2 51. Rxh2+ Kxh2 52. d6 Kg3 53.
Kb5 Kf3 54. Kc6 Kxe4 55. d7 a4 56. bxa4 Ba5 57. Ng5+ Kf5 58. Nf7 Ke6 59. Nd6
Rxd6+ 60. cxd6 e4 61. Kb5 e3 62. Kxa5 Kxd7 0-1

[Event "22nd Hogeschool Zeeland Tournament"]
[Site "Vlissingen"]
[Date "2018.08.07"]
[Round "5.3"]
[White "Iturrizaga Bonelli, Eduard"]
[Black "Timmermans, Mark"]
[Result "1-0"]
[WhiteElo "2640"]
[BlackElo "2383"]
[PlyCount "75"]
[EventDate "2018.08.04"]
[EventType "swiss"]
[EventRounds "9"]
[EventCountry "NED"]

1. c4 e6 2. g3 Nf6 3. Bg2 d5 4. Nf3 Be7 5. d4 O-O 6. Qc2 b6 7. cxd5 Nxd5 8. O-O
Bb7 9. a3 c5 10. dxc5 bxc5 11. Rd1 Nd7 12. e4 N5f6 13. Nc3 Qc8 14. Bf4 Rd8 15.
h3 Nb6 16. Re1 Ba6 17. Rad1 Rxd1 18. Rxd1 Nfd7 19. a4 Nf8 20. h4 Qe8 21. a5
Nbd7 22. Bd6 Bxd6 23. Rxd6 Qc8 24. h5 h6 25. Qd2 Bb7 26. g4 Nf6 27. Qf4 Qc7 28.
a6 Bc6 29. e5 Nd5 30. Nxd5 exd5 31. g5 Ne6 32. Qf5 Rd8 33. gxh6 gxh6 34. Rxe6
fxe6 35. Qxe6+ Qf7 36. Qxc6 Qxh5 37. Qxc5 d4 38. Qe7 1-0

[Event "22nd Hogeschool Zeeland Tournament"]
[Site "Vlissingen"]
[Date "2018.08.07"]
[Round "5.4"]
[White "Mehar, Chinna Reddy C.H"]
[Black "Pruijssers, Roeland"]
[Result "1/2-1/2"]
[WhiteElo "2345"]
[BlackElo "2506"]
[PlyCount "32"]
[EventDate "2018.08.04"]
[EventType "swiss"]
[EventRounds "9"]
[EventCountry "NED"]

1. d4 f5 2. Bf4 Nf6 3. e3 e6 4. Nf3 b6 5. Bd3 Bb7 6. Nbd2 Nh5 7. Bg5 Be7 8.
Bxe7 Qxe7 9. Qe2 c5 10. O-O-O Nc6 11. Bb5 Nf6 12. dxc5 Qxc5 13. Nc4 Nd5 14.
Nce5 Nf6 15. Nc4 Nd5 16. Nce5 Nf6 1/2-1/2

[Event "22nd Hogeschool Zeeland Tournament"]
[Site "Vlissingen"]
[Date "2018.08.07"]
[Round "5.5"]
[White "Hausrath, Daniel"]
[Black "Grooten, Herman"]
[Result "0-1"]
[WhiteElo "2502"]
[BlackElo "2374"]
[PlyCount "84"]
[EventDate "2018.08.04"]
[EventType "swiss"]
[EventRounds "9"]
[EventCountry "NED"]

1. Nf3 Nf6 2. g3 b6 3. Bg2 Bb7 4. O-O c5 5. c4 e6 6. Nc3 Be7 7. d4 cxd4 8. Qxd4
d6 9. Rd1 a6 10. b3 Nbd7 11. e4 Qc8 12. Bb2 O-O 13. Qe3 Re8 14. h3 Qc7 15. Rac1
Rac8 16. g4 Ne5 17. Nd4 Qb8 18. a4 Nfd7 19. g5 Ng6 20. Qg3 Nc5 21. b4 Nd7 22.
Nb1 Bd8 23. h4 Bc7 24. h5 d5 25. Qc3 Nf4 26. Re1 Be5 27. Nd2 dxc4 28. Bf1 Nxh5
29. Qf3 Bh2+ 30. Kh1 Bf4 31. Rcd1 g6 32. Nxc4 Ne5 33. Nxe5 Qxe5 34. Bh3 Qxg5
35. Rg1 Qh4 36. Rg4 Qf6 37. Rg2 Qe5 38. Re1 Nf6 39. Nxe6 Qxb2 40. Nxf4 Rxe4 41.
Kh2 Rd8 42. Re3 Qe5 0-1

[Event "22nd Hogeschool Zeeland Tournament"]
[Site "Vlissingen"]
[Date "2018.08.07"]
[Round "5.6"]
[White "Ravi, Teja S"]
[Black "Wan, Yunguo"]
[Result "0-1"]
[WhiteElo "2374"]
[BlackElo "2500"]
[PlyCount "42"]
[EventDate "2018.08.04"]
[EventType "swiss"]
[EventRounds "9"]
[EventCountry "NED"]

1. d4 Nf6 2. Nf3 g6 3. c4 Bg7 4. g3 O-O 5. Bg2 d5 6. O-O dxc4 7. Na3 c3 8. bxc3
c5 9. Nc4 Nc6 10. Ba3 Ne4 11. Qc2 Nd6 12. Nce5 Nxe5 13. dxe5 Qa5 14. Bc1 Nc4
15. Bf4 Qa6 16. Qe4 Rd8 17. Bg5 f6 18. exf6 exf6 19. Qe7 Bf5 20. e4 Rd7 21.
Qxc5 Bf8 0-1

[Event "22nd Hogeschool Zeeland Tournament"]
[Site "Vlissingen"]
[Date "2018.08.07"]
[Round "5.8"]
[White "IJzermans, Cees"]
[Black "Warmerdam, Max"]
[Result "1/2-1/2"]
[WhiteElo "2142"]
[BlackElo "2421"]
[PlyCount "110"]
[EventDate "2018.08.04"]
[EventType "swiss"]
[EventRounds "9"]
[EventCountry "NED"]

1. Nf3 Nf6 2. c4 g6 3. Nc3 Bg7 4. e4 d6 5. g3 O-O 6. Bg2 Nc6 7. O-O Bg4 8. h3
Bxf3 9. Qxf3 Nd4 10. Qd1 Nd7 11. d3 c5 12. f4 e6 13. Kh1 a6 14. Be3 b5 15. cxb5
Nxb5 16. Nxb5 axb5 17. d4 Rc8 18. dxc5 Nxc5 19. Qe2 Qa5 20. f5 Qb4 21. f6 Bh8
22. Bxc5 Qxc5 23. Rf2 Qe5 24. Qf3 Rc4 25. Qf4 Qxf4 26. Rxf4 Rc2 27. Rd1 Rxb2
28. Rxd6 e5 29. Rf1 Rxa2 30. g4 h6 31. h4 Rb8 32. g5 b4 33. Rfd1 Raa8 34. Rb1
b3 35. Rb2 Ra2 36. Rdd2 Ra4 37. Rd3 Rab4 38. Kg1 R8b7 39. Kf2 R7b6 40. Rd8+ Kh7
41. Rd7 hxg5 42. hxg5 Bxf6 43. gxf6 Rxf6+ 44. Ke3 Kg7 45. Re7 Rc6 46. Rxe5 Rc3+
47. Ke2 Rbc4 48. Rd5 Rc2+ 49. Rd2 Rxb2 50. Rxb2 Rc2+ 51. Rxc2 bxc2 52. Kd2 Kf6
53. Kxc2 Ke5 54. Kd3 f5 55. exf5 gxf5 1/2-1/2

[Event "22nd Hogeschool Zeeland Tournament"]
[Site "Vlissingen"]
[Date "2018.08.07"]
[Round "5.10"]
[White "Gonzales, Jayson"]
[Black "Peek, Marcel"]
[Result "1/2-1/2"]
[WhiteElo "2383"]
[BlackElo "2290"]
[PlyCount "80"]
[EventDate "2018.08.04"]
[EventType "swiss"]
[EventRounds "9"]
[EventCountry "NED"]

1. Nf3 d5 2. c4 d4 3. b4 g6 4. Bb2 Bg7 5. e3 e5 6. exd4 e4 7. Ne5 f6 8. Ng4
Bxg4 9. Qxg4 f5 10. Qd1 Nc6 11. Nc3 Bxd4 12. Qb3 Qh4 13. g3 Qf6 14. b5 Nce7 15.
c5 Qe5 16. c6 bxc6 17. bxc6 Nf6 18. Rb1 Kf8 19. Nb5 Bxb2 20. Qxb2 Qxb2 21. Rxb2
Rb8 22. Rb3 Nxc6 23. Be2 a6 24. Nxc7 Ke7 25. Nxa6 Rxb3 26. axb3 Nd4 27. Bc4 Ra8
28. d3 Nxb3 29. dxe4 Nc5 30. exf5 Nxa6 31. O-O Nc5 32. Re1+ Kf8 33. fxg6 hxg6
34. h4 Ra3 35. Re5 Ncd7 36. Re6 Ra5 37. Kg2 Re5 38. Ra6 Re7 39. Bb5 Kf7 40.
Bc4+ Kf8 1/2-1/2

[Event "22nd Hogeschool Zeeland Tournament"]
[Site "Vlissingen"]
[Date "2018.08.07"]
[Round "5.11"]
[White "Ojas Kulkarni"]
[Black "Van Foreest, Jorden"]
[Result "0-1"]
[WhiteElo "2256"]
[BlackElo "2636"]
[PlyCount "70"]
[EventDate "2018.08.04"]
[EventType "swiss"]
[EventRounds "9"]
[EventCountry "NED"]

1. d4 Nf6 2. c4 b6 3. Nc3 Bb7 4. f3 d5 5. cxd5 Nxd5 6. e4 Nxc3 7. bxc3 e5 8.
Bc4 exd4 9. Qb3 Qd7 10. Nh3 Nc6 11. Ng5 Ne5 12. cxd4 Nxc4 13. Qxc4 a5 14. Be3
Ba6 15. Qb3 a4 16. Qc2 Be7 17. Rc1 O-O 18. Qc6 Qd8 19. Nh3 Ba3 20. Rd1 Qh4+ 21.
Kd2 h6 22. Nf4 Qg5 23. Qc3 c5 24. Qxa3 cxd4 25. Qb4 Rfd8 26. h4 Qe5 27. Nd5
Rxd5 28. exd5 dxe3+ 29. Kc2 Rc8+ 30. Kb1 e2 31. Rd4 Rc5 32. f4 Qf6 33. Qd2 Bc8
34. Kb2 Rc4 35. Rc1 Rxd4 0-1

[Event "22nd Hogeschool Zeeland Tournament"]
[Site "Vlissingen"]
[Date "2018.08.07"]
[Round "5.12"]
[White "Zeng, Chongsheng"]
[Black "Lammens, Tim"]
[Result "1/2-1/2"]
[WhiteElo "2539"]
[BlackElo "2293"]
[PlyCount "104"]
[EventDate "2018.08.04"]
[EventType "swiss"]
[EventRounds "9"]
[EventCountry "NED"]

1. d4 d6 2. e4 Nf6 3. Nc3 g6 4. f4 Bg7 5. Bd3 O-O 6. Nf3 Nc6 7. e5 dxe5 8. fxe5
Nh5 9. Ne2 Bg4 10. c3 Bxf3 11. gxf3 e6 12. Be3 f6 13. Qb3 fxe5 14. Be4 exd4 15.
O-O-O Qe7 16. Bxc6 dxe3 17. Qxb7 Qc5 18. Qxa8 Rxa8 19. Bxa8 Qc4 20. Rhe1 Qxa2
21. Rd8+ Kf7 22. Rd7+ Kf6 23. Be4 Bh6 24. Rxh7 Qa1+ 25. Bb1 Nf4 26. Rd7 a5 27.
Rd4 e5 28. Rd8 Ke7 29. Rdd1 a4 30. Nxf4 Bxf4 31. Kc2 a3 32. bxa3 Qxa3 33. Rd3
c5 34. Rdxe3 Bxe3 35. Rxe3 Kf6 36. Kd2 c4 37. h4 Qa1 38. Re1 Qa7 39. Ke2 Qc5
40. Be4 Qa7 41. Rd1 Qa2+ 42. Rd2 Qa3 43. Kf2 Qxc3 44. Rd6+ Ke7 45. Rxg6 Qd2+
46. Kg3 c3 47. Rc6 Kd7 48. h5 Qf4+ 49. Kf2 Qh4+ 50. Ke2 Qh2+ 51. Ke1 Qh1+ 52.
Kf2 Qh2+ 1/2-1/2

[Event "22nd Hogeschool Zeeland Tournament"]
[Site "Vlissingen"]
[Date "2018.08.07"]
[Round "5.14"]
[White "Van Dommelen, Martin"]
[Black "Admiraal, Miguoel"]
[Result "0-1"]
[WhiteElo "2192"]
[BlackElo "2479"]
[PlyCount "124"]
[EventDate "2018.08.04"]
[EventType "swiss"]
[EventRounds "9"]
[EventCountry "NED"]

1. e4 c5 2. Nf3 e6 3. c3 Nf6 4. Bd3 d5 5. Bb5+ Nc6 6. e5 Nd7 7. O-O Qb6 8. Ba4
c4 9. b3 Nc5 10. bxc4 dxc4 11. Na3 Nxa4 12. Qxa4 Qa5 13. Qxa5 Nxa5 14. Nb5 Kd7
15. d3 a6 16. Nbd4 h6 17. Rd1 Kc7 18. Be3 cxd3 19. c4 Bd7 20. Rxd3 Be7 21. Rb1
Nxc4 22. Rc1 b5 23. Nd2 Rhc8 24. Nxc4 bxc4 25. Rxc4+ Kd8 26. Nc6+ Ke8 27. Rdc3
Bxc6 28. Rxc6 Rxc6 29. Rxc6 Kd7 30. Rb6 Kc7 31. f4 a5 32. a4 Bb4 33. Kf2 h5 34.
Ke2 g6 35. Rb5 Kc6 36. Bd2 Bxd2 37. Kxd2 Rd8+ 38. Ke3 Rd5 39. Rb1 Rc5 40. Kd3
Rd5+ 41. Kc3 g5 42. g3 gxf4 43. gxf4 Rd8 44. Rb5 Rd1 45. Rxa5 Rf1 46. Ra7 Rxf4
47. Kd3 Kb6 48. Rd7 Rxa4 49. Rxf7 Kc6 50. Ke3 Kd5 51. Rb7 Re4+ 52. Kd3 Rxe5 53.
Rb5+ Kd6 54. Rxe5 Kxe5 55. Ke3 Kf5 56. Kf3 h4 57. h3 e5 58. Ke3 e4 59. Ke2 Kf4
60. Kf2 e3+ 61. Ke2 Ke4 62. Ke1 Kf3 0-1

[Event "22nd Hogeschool Zeeland Tournament"]
[Site "Vlissingen"]
[Date "2018.08.07"]
[Round "5.18"]
[White "Schoppen, Casper"]
[Black "Sparenberg, Erik"]
[Result "1-0"]
[WhiteElo "2394"]
[BlackElo "2173"]
[PlyCount "91"]
[EventDate "2018.08.04"]
[EventType "swiss"]
[EventRounds "9"]
[EventCountry "NED"]

1. e4 e5 2. Nf3 Nc6 3. Bb5 a6 4. Ba4 Nf6 5. O-O Be7 6. Re1 b5 7. Bb3 O-O 8. a4
b4 9. d3 d6 10. a5 Bb7 11. Nbd2 Nb8 12. c3 bxc3 13. bxc3 c5 14. Nc4 Nc6 15. Bg5
Rb8 16. Qc2 Kh8 17. Qa2 Nh5 18. Bxe7 Nxe7 19. d4 exd4 20. cxd4 d5 21. exd5 Bxd5
22. Nfe5 f6 23. Nd3 cxd4 24. Nb6 Bxb3 25. Qxb3 g6 26. Nc5 Qd6 27. Nxa6 Rbd8 28.
Re6 Qf4 29. Rxe7 d3 30. Qd1 d2 31. Re3 Rfe8 32. Nd5 Qd4 33. Nac7 Nf4 34. Rxe8+
Rxe8 35. Nxe8 Qxd5 36. Qf1 Nxg2 37. Nxf6 Qf3 38. a6 Nf4 39. a7 d1=Q 40. a8=Q+
Kg7 41. Rxd1 Qxa8 42. Nd5 Nxd5 43. Qg2 Nb6 44. Qxa8 Nxa8 45. Rd7+ Kh6 46. Rb7
1-0

[Event "22nd Hogeschool Zeeland Tournament"]
[Site "Vlissingen"]
[Date "2018.08.07"]
[Round "5.19"]
[White "Van der Lende, Ilias"]
[Black "Bressy, Theo"]
[Result "1-0"]
[WhiteElo "2347"]
[BlackElo "2140"]
[PlyCount "55"]
[EventDate "2018.08.04"]
[EventType "swiss"]
[EventRounds "9"]
[EventCountry "NED"]

1. e4 g6 2. d4 Bg7 3. Nc3 d6 4. Be3 Nd7 5. Nf3 a6 6. h3 b5 7. a4 b4 8. Nd5 a5
9. c3 e6 10. Nf4 bxc3 11. bxc3 Ne7 12. Bd3 c5 13. Ng5 Bf6 14. Ngxe6 fxe6 15.
Nxe6 Qb6 16. Rb1 Qa7 17. e5 Nxe5 18. dxe5 Bxe5 19. Bb5+ Kf7 20. Ng5+ Kg7 21.
O-O d5 22. Re1 Bxc3 23. Rc1 Bb4 24. Bf4 Bxe1 25. Qxe1 Ng8 26. Bd6 Nf6 27. Rxc5
Bd7 28. Qe7+ 1-0

[Event "22nd Hogeschool Zeeland Tournament"]
[Site "Vlissingen"]
[Date "2018.08.07"]
[Round "5.20"]
[White "De Jong, Migchiel"]
[Black "Elgersma, Simon"]
[Result "1-0"]
[WhiteElo "2339"]
[BlackElo "2136"]
[PlyCount "151"]
[EventDate "2018.08.04"]
[EventType "swiss"]
[EventRounds "9"]
[EventCountry "NED"]

1. e4 e6 2. d4 d5 3. Nc3 Nf6 4. e5 Nfd7 5. f4 c5 6. Nf3 Be7 7. Be3 O-O 8. Qd2
a6 9. Bd3 b5 10. O-O Nc6 11. Nd1 b4 12. Nf2 a5 13. c3 Ba6 14. Bxa6 Rxa6 15. Qe2
Ra7 16. cxb4 axb4 17. dxc5 Ra5 18. Nd3 Nxc5 19. Rfc1 d4 20. Bf2 Qd5 21. Nd2
Rfa8 22. Nc4 Nxd3 23. Qxd3 Rxa2 24. Rxa2 Rxa2 25. Nb6 Qa5 26. Qc4 Ra1 27. Qxc6
Rxc1+ 28. Qxc1 Qxb6 29. Qc8+ Bf8 30. Qd7 Qc5 31. Bxd4 Qc1+ 32. Kf2 Qxf4+ 33.
Kg1 h5 34. h3 Kh7 35. Kh1 g6 36. b3 Qf1+ 37. Kh2 Bh6 38. Qa7 Bf4+ 39. g3 Qe2+
40. Bf2 Bxe5 41. Qxf7+ Bg7 42. Kg2 e5 43. Qf3 Qc2 44. g4 e4 45. Qe3 Qc6 46. Qc5
Qb7 47. Be3 Qf7 48. gxh5 Qf3+ 49. Kh2 gxh5 50. Qg5 Bf6 51. Qg3 Qf5 52. Kg2 h4
53. Qg4 Qxg4+ 54. hxg4 Kg6 55. Bc5 Bc3 56. Be3 Kf6 57. Kh3 Be1 58. Bf4 Ke6 59.
Kg2 Kd5 60. Be3 Ke5 61. Kh3 Kd5 62. g5 Ke5 63. Kg4 Bg3 64. Bd2 Kd4 65. g6 Be5
66. Bxb4 Kd3 67. Be1 Ke2 68. Bxh4 Kd3 69. Kf5 Bg7 70. b4 Kc4 71. Kxe4 Kxb4 72.
Kd5 Kb5 73. Ke6 Kc6 74. Kf7 Bh6 75. Bg5 Kd7 76. Bxh6 1-0

[Event "22nd Hogeschool Zeeland Tournament"]
[Site "Vlissingen"]
[Date "2018.08.07"]
[Round "5.21"]
[White "Rijnaarts, Sjef"]
[Black "De Boer, Bas"]
[Result "1-0"]
[WhiteElo "2339"]
[BlackElo "2129"]
[PlyCount "61"]
[EventDate "2018.08.04"]
[EventType "swiss"]
[EventRounds "9"]
[EventCountry "NED"]

1. e4 c5 2. Nf3 e6 3. d4 cxd4 4. Nxd4 Nc6 5. Nc3 Qc7 6. Be3 a6 7. Qd2 Nf6 8. f4
Bb4 9. Bd3 b5 10. a3 Bxc3 11. Qxc3 Bb7 12. e5 Nd5 13. Qd2 Nxf4 14. Bxf4 Nxd4
15. Qf2 Nc6 16. O-O g5 17. Bxg5 Nxe5 18. Qf6 Qc5+ 19. Kh1 Rf8 20. Rf5 exf5 21.
Re1 Bxg2+ 22. Kxg2 Qc6+ 23. Qxc6 dxc6 24. Rxe5+ Kd7 25. Bxf5+ Kc7 26. Bf4 Kb6
27. Be3+ Kc7 28. Bxh7 Rh8 29. Re7+ Kd6 30. Rxf7 Ke6 31. Rc7 1-0

[Event "22nd Hogeschool Zeeland Tournament"]
[Site "Vlissingen"]
[Date "2018.08.07"]
[Round "5.22"]
[White "Boulahfa, Hicham"]
[Black "Rajesh, V.A.V."]
[Result "0-1"]
[WhiteElo "2074"]
[BlackElo "2325"]
[PlyCount "134"]
[EventDate "2018.08.04"]
[EventType "swiss"]
[EventRounds "9"]
[EventCountry "NED"]

1. e4 e5 2. Nf3 Nc6 3. Bc4 Bc5 4. c3 Nf6 5. d3 d6 6. O-O h6 7. Re1 O-O 8. Bb3
a5 9. Nbd2 Be6 10. Nf1 Bxb3 11. Qxb3 Qd7 12. Ng3 a4 13. Qc2 d5 14. exd5 Qxd5
15. Nxe5 Nxe5 16. d4 Rfe8 17. dxe5 Ng4 18. Nh1 Rxe5 19. Bf4 Rxe1+ 20. Rxe1 Bb6
21. h3 Nf6 22. c4 Qc6 23. Ng3 Bc5 24. Ne4 Bd4 25. Re2 Bxb2 26. Qxb2 Nxe4 27.
Qd4 Nc5 28. Qd5 Ne6 29. Qxc6 bxc6 30. Be5 Rd8 31. Kf1 f6 32. Bc3 Kf7 33. Rd2
Rd6 34. Ke2 Ke7 35. Ke3 Kd7 36. f4 Rxd2 37. Bxd2 f5 38. Bc3 g6 39. Be5 h5 40.
Kd3 c5 41. Kc3 g5 42. fxg5 Nxg5 43. Bf4 Ne4+ 44. Kb2 Kc6 45. Ka3 Nc3 46. Be5
Nb1+ 47. Kb2 Nd2 48. Kc3 Ne4+ 49. Kb2 Kd7 50. Bf4 Nf2 51. Ka3 Nd3 52. Be3 Ne1
53. Kxa4 Nxg2 54. Bxc5 Kc6 55. Bg1 Nf4 56. h4 Nh3 57. Ba7 f4 58. Kb4 f3 59. Kc3
f2 60. Bxf2 Nxf2 61. Kd4 Kb6 62. a4 c5+ 63. Ke3 Nd1+ 64. Kf4 Ka5 65. Kg5 Ne3
66. Kxh5 Nf5 67. Kg5 Nxh4 0-1

[Event "22nd Hogeschool Zeeland Tournament"]
[Site "Vlissingen"]
[Date "2018.08.07"]
[Round "5.25"]
[White "Bezemer, Arno"]
[Black "Oosting, Robert"]
[Result "1/2-1/2"]
[WhiteElo "2295"]
[BlackElo "1958"]
[PlyCount "32"]
[EventDate "2018.08.04"]
[EventType "swiss"]
[EventRounds "9"]
[EventCountry "NED"]

1. e4 c5 2. Nf3 d6 3. d4 cxd4 4. Nxd4 Nf6 5. Nc3 a6 6. h3 e6 7. g4 Be7 8. g5
Nfd7 9. h4 b5 10. a3 Bb7 11. Be3 Nc5 12. Qg4 Nc6 13. O-O-O Qa5 14. Nxc6 Bxc6
15. Bg2 Rb8 16. e5 d5 1/2-1/2

[Event "22nd Hogeschool Zeeland Tournament"]
[Site "Vlissingen"]
[Date "2018.08.07"]
[Round "5.26"]
[White "Chanda, Sandipan"]
[Black "Hoffman, Ron"]
[Result "1-0"]
[WhiteElo "2553"]
[BlackElo "2041"]
[PlyCount "73"]
[EventDate "2018.08.04"]
[EventType "swiss"]
[EventRounds "9"]
[EventCountry "NED"]

1. d4 Nf6 2. c4 g6 3. Nc3 Bg7 4. e4 d6 5. Be2 O-O 6. Bg5 Na6 7. Nf3 h6 8. Be3
e5 9. O-O Ng4 10. Bc1 exd4 11. Nxd4 Qf6 12. Nb3 Qh4 13. Bf4 Be5 14. Bxe5 dxe5
15. h3 Nf6 16. Nd2 Rd8 17. Nd5 Nxd5 18. cxd5 Nb8 19. Qc1 Qe7 20. Nc4 g5 21. Qc3
f6 22. Ne3 c6 23. Rac1 Qf8 24. Rfd1 cxd5 25. exd5 a5 26. Nc4 Nd7 27. d6 Ra6 28.
Ne3 Rxd6 29. Rxd6 Qxd6 30. Nf5 Qb4 31. Qxb4 axb4 32. Rxc8 Rxc8 33. Ne7+ Kf8 34.
Nxc8 Nc5 35. Nd6 Na4 36. Nxb7 Nxb2 37. Nc5 1-0

[Event "22nd Hogeschool Zeeland Tournament"]
[Site "Vlissingen"]
[Date "2018.08.07"]
[Round "5.28"]
[White "Aronsson, Marten"]
[Black "Wagenvoorde, Guido"]
[Result "1/2-1/2"]
[WhiteElo "2303"]
[BlackElo "2035"]
[PlyCount "79"]
[EventDate "2018.08.04"]
[EventType "swiss"]
[EventRounds "9"]
[EventCountry "NED"]

1. d4 Nf6 2. Nf3 g6 3. g3 Bg7 4. Bg2 O-O 5. O-O d6 6. Re1 Nbd7 7. e4 e5 8. Nc3
c6 9. a4 Qc7 10. h3 b6 11. Be3 Bb7 12. Qd2 a6 13. Bh6 b5 14. Bxg7 Kxg7 15. axb5
axb5 16. b4 Nb6 17. Bf1 Rfe8 18. Kh2 Rxa1 19. Rxa1 exd4 20. Nxd4 Nxe4 21. Nxe4
Rxe4 22. Bg2 Re8 23. Ra7 d5 24. Qc3 Kg8 25. Nxb5 Qb8 26. Rxb7 Qxb7 27. Nd6 Qd7
28. Nxe8 Qxe8 29. Qd4 Nc4 30. b5 cxb5 31. Qxd5 Qe5 32. Qc6 Qf5 33. Kg1 Qxc2 34.
Qxb5 Qd1+ 35. Bf1 Nd2 36. Qe8+ Kg7 37. Qe5+ Kg8 38. Qe8+ Kg7 39. Qe5+ Kg8 40.
Qe8+ 1/2-1/2

[Event "22nd Hogeschool Zeeland Tournament"]
[Site "Vlissingen"]
[Date "2018.08.07"]
[Round "5.30"]
[White "Frayna, Janelle Mae"]
[Black "Kreutzmann, Duke"]
[Result "1-0"]
[WhiteElo "2278"]
[BlackElo "1994"]
[PlyCount "109"]
[EventDate "2018.08.04"]
[EventType "swiss"]
[EventRounds "9"]
[EventCountry "NED"]

1. c4 Nf6 2. g3 e6 3. Bg2 d5 4. Nf3 Be7 5. O-O O-O 6. b3 c5 7. Bb2 Nc6 8. e3 d4
9. exd4 cxd4 10. Re1 Rb8 11. d3 Bc5 12. Ne5 Nxe5 13. Rxe5 Qd6 14. Rxc5 Qxc5 15.
Ba3 Qc7 16. Bxf8 Kxf8 17. Nd2 e5 18. b4 b6 19. Rc1 Bf5 20. Nf3 Nd7 21. h3 f6
22. Nh4 Be6 23. g4 Qd6 24. a3 a5 25. Rb1 g6 26. Nf3 Kg7 27. Nd2 f5 28. gxf5
gxf5 29. Qa4 axb4 30. axb4 Rg8 31. Qc6 Qe7 32. Kh1 Kh8 33. Rg1 f4 34. Ra1 Qe8
35. Kh2 Qf7 36. Ra8 Qf5 37. Rxg8+ Kxg8 38. c5 bxc5 39. bxc5 f3 40. Bxf3 Qxh3+
41. Kg1 Qh6 42. Ne4 Qg6+ 43. Ng3 Nf8 44. Qb5 Bf5 45. c6 Bxd3 46. Qxe5 Bc4 47.
Qxd4 Qf7 48. Bg2 Be6 49. Qc5 Qc7 50. Ne4 Bf7 51. Nf6+ Kg7 52. Qc3 Kh6 53. Ng4+
Kh5 54. Ne5 Ne6 55. Qf3+ 1-0

[Event "22nd Hogeschool Zeeland Tournament"]
[Site "Vlissingen"]
[Date "2018.08.07"]
[Round "5.31"]
[White "Oostvogels, Niek"]
[Black "Stillger, Bernhard"]
[Result "1/2-1/2"]
[WhiteElo "1948"]
[BlackElo "2271"]
[PlyCount "118"]
[EventDate "2018.08.04"]
[EventType "swiss"]
[EventRounds "9"]
[EventCountry "NED"]

1. e4 e6 2. d3 c5 3. Nf3 Nc6 4. g3 Nge7 5. Bg2 g6 6. O-O Bg7 7. c3 O-O 8. Re1
e5 9. Be3 d6 10. a3 h6 11. b4 b6 12. Ra2 Be6 13. Rae2 Rc8 14. b5 Na5 15. c4 Qd7
16. Nfd2 g5 17. f3 Kh7 18. Nf1 Ng6 19. Bd2 f5 20. Nc3 f4 21. g4 Bf6 22. h3 Rce8
23. Bc1 Bd8 24. Qc2 Kg7 25. Bh1 Rh8 26. Rh2 h5 27. Ree2 Rh6 28. Ref2 Reh8 29.
Bb2 Bf7 30. Bc1 Nf8 31. Bb2 Nb7 32. Bc1 Ne6 33. Ne2 Nd4 34. Nxd4 cxd4 35. Bd2
Be6 36. Bb4 Be7 37. Qd2 Ra8 38. Qd1 Kf7 39. Ra2 Rhh8 40. a4 a5 41. Ba3 Rh6 42.
Raf2 Rah8 43. Qe2 R8h7 44. Nd2 Ke8 45. Nb3 Nd8 46. Bc1 Nf7 47. Bd2 Bd8 48. Be1
Ke7 49. Bd2 Nh8 50. Be1 Ng6 51. Nd2 Kf7 52. Nb3 Rh8 53. Bd2 Nf8 54. Be1 Nh7 55.
Bd2 Nf6 56. Rfg2 Nh7 57. Rf2 Nf8 58. Be1 Ng6 59. Bd2 R8h7 1/2-1/2

[Event "22nd Hogeschool Zeeland Tournament"]
[Site "Vlissingen"]
[Date "2018.08.07"]
[Round "5.32"]
[White "Minnema, Rens"]
[Black "Afek, Yochanan"]
[Result "0-1"]
[WhiteElo "1856"]
[BlackElo "2248"]
[PlyCount "66"]
[EventDate "2018.08.04"]
[EventType "swiss"]
[EventRounds "9"]
[EventCountry "NED"]

1. e4 c5 2. Nf3 Nc6 3. d4 cxd4 4. Nxd4 g6 5. Nc3 Bg7 6. Be3 Nf6 7. Be2 O-O 8.
Qd2 d6 9. f3 d5 10. Nxc6 bxc6 11. exd5 Nxd5 12. Nxd5 cxd5 13. c3 e5 14. Rd1 Bb7
15. O-O Qa5 16. a3 Rfd8 17. Kh1 Bc6 18. f4 Ba4 19. Rde1 d4 20. cxd4 Qxd2 21.
Bxd2 exd4 22. Bd3 Bb3 23. f5 a5 24. fxg6 hxg6 25. Re7 a4 26. Rc1 Rab8 27. Rcc7
Be6 28. Rc2 Rb3 29. Rxe6 fxe6 30. Bc4 Rb7 31. Bxe6+ Kh7 32. Bb4 d3 33. Rd2 Re8
0-1

[Event "22nd Hogeschool Zeeland Tournament"]
[Site "Vlissingen"]
[Date "2018.08.07"]
[Round "5.33"]
[White "Van Baar, Esper"]
[Black "Colijn, Erik-Jan"]
[Result "1-0"]
[WhiteElo "2241"]
[BlackElo "1991"]
[PlyCount "87"]
[EventDate "2018.08.04"]
[EventType "swiss"]
[EventRounds "9"]
[EventCountry "NED"]

1. e4 Nf6 2. e5 Nd5 3. d4 d6 4. c4 Nb6 5. exd6 cxd6 6. d5 Bf5 7. b3 N8d7 8. Bb2
h6 9. Nf3 Nf6 10. Bd3 Bxd3 11. Qxd3 g6 12. Nc3 Bg7 13. O-O O-O 14. Rfe1 Nbd7
15. Ne4 a6 16. Re2 Re8 17. Ng3 Nc5 18. Qd2 b5 19. Rae1 Qd7 20. cxb5 axb5 21.
Bxf6 exf6 22. Rxe8+ Rxe8 23. Rxe8+ Qxe8 24. Qf4 Qe7 25. h4 f5 26. h5 Qf6 27.
Kh2 Nd3 28. Qd2 Ne5 29. Qe2 f4 30. Ne4 Ng4+ 31. Kg1 Qa1+ 32. Qe1 Qxe1+ 33. Nxe1
Bd4 34. Nd3 f3 35. Nxd6 b4 36. Nb5 Bb6 37. gxf3 Nf6 38. Nxb4 Bc5 39. Nd3 Bb6
40. d6 Nxh5 41. Ne5 Nf4 42. a4 Nd5 43. Nc6 Nf6 44. a5 1-0

[Event "22nd Hogeschool Zeeland Tournament"]
[Site "Vlissingen"]
[Date "2018.08.07"]
[Round "5.34"]
[White "De Kraker, Johnny"]
[Black "De Waele, Warre"]
[Result "0-1"]
[WhiteElo "1942"]
[BlackElo "2237"]
[PlyCount "56"]
[EventDate "2018.08.04"]
[EventType "swiss"]
[EventRounds "9"]
[EventCountry "NED"]

1. e4 e5 2. Nf3 Nc6 3. Bb5 a6 4. Ba4 Nf6 5. Qe2 b5 6. Bb3 Bc5 7. d3 h6 8. Be3
d6 9. c3 O-O 10. Nbd2 Bxe3 11. fxe3 Ne7 12. Nf1 c5 13. Ng3 Ng6 14. O-O Bb7 15.
h4 Bc8 16. h5 Ne7 17. Nh2 d5 18. Rxf6 gxf6 19. Ng4 Kg7 20. Qf3 Qd6 21. Bxd5 Rb8
22. Rf1 Rb6 23. b3 f5 24. Nxf5+ Bxf5 25. exf5 Nxd5 26. Qg3 Kh7 27. f6 e4 28.
Ne5 Rg8 0-1